Catàleg del Col·legi de Periodistes de Catalunya

Una intrusa en la prensa : (Registre núm. 8023)

000 -CABECERA
Longitud fija campo de control 00876nam a22002535i 4500
001 - NÚMERO DE CONTROL
Número de control 991061283894006706
003 - IDENTIFICADOR DEL NÚMERO DE CONTROL
Identificador del número de control OSt
005 - FECHA Y HORA DE LA ÚLTIMA TRANSACCIÓN
Fecha y hora de la última transacción 20250514105222.0
008 - CÓDIGOS DE INFORMACIÓN DE LONGITUD FIJA
Códigos de información de longitud fija 250220s2025 sp |||||||||||0|| 0 spa|c
020 ## - NÚMERO INTERNACIONAL NORMALIZADO PARA LIBROS
Número Internacional Normalizado para Libros (ISBN) 9791387552343
040 ## - FUENTE DE LA CATALOGACIÓN
Centro transcriptor CDMR
Lengua de catalogación cat
100 1# - PUNTO DE ACCESO PRINCIPAL-NOMBRE DE PERSONA
Nombre de persona Polo, Irene,
Fechas asociadas al nombre 1909-1942,
Término indicativo de función autor
245 14 - MENCIÓN DE TÍTULO
Título Una intrusa en la prensa :
Resto del título periodismo y república (1927-1931) /
Mención de responsabilidad, etc. edición de Francesc Delgado
264 #1 - PRODUCCIÓN, PUBLICACIÓN , DISTRIBUCIÓN, FABRICACIÓN Y COPYRIGHT
Lugar de producción, publicación, distribución, fabricación Sevilla:
Nombre del productor, editor, distribuidor, fabricante Editorial Renacimiento,
Fecha de de producción, publicación, distribución, fabricación o copyright 2025
300 ## - DESCRIPCIÓN FÍSICA
Extensión 348 pàgines ;
Dimensiones 24 cm
490 1# - MENCIÓN DE SERIE
Mención de serie Los cuatro vientos ;
Designación de volumen o secuencia 19
504 ## - NOTA DE BIBLIOGRAFÍA, ETC
Nota de bibliografía, etc. Inclou bibliografia
600 17 - PUNTO DE ACCESO ADICIONAL DE MATERIA - NOMBRE DE PERSONA
Nombre de persona Polo, Irene,
Fechas asociadas al nombre 1909-1942
650 #7 - PUNTO DE ACCESO ADICIONAL DE MATERIA - TÉRMINO DE MATERIA
Término de materia o nombre geográfico como elemento inicial Periodisme
Subdivisión geográfica Espanya
Subdivisión de materia general Història
Subdivisión cronológica 1927-1931
650 #0 - PUNTO DE ACCESO ADICIONAL DE MATERIA - TÉRMINO DE MATERIA
Término de materia o nombre geográfico como elemento inicial Dones periodistes
Subdivisión geográfica Catalunya
9 (RLIN) 2913
Subdivisión de forma Biografia
700 1# - PUNTO DE ACCESO ADICIONAL - NOMBRE DE PERSONA
Nombre de persona Delgado de Dios, Francesc,
Término indicativo de función editor literari
830 #0 - PUNTO DE ACCESO ADICIONAL DE SERIE - TÍTULO UNIFORME
Título uniforme Cuatro vientos (Editorial Renacimiento) ;
Designación de volumen o secuencia 19
942 ## - ENTRADA DE ELEMENTOS AGREGADOS (KOHA)
Fuente de clasificaión o esquema
Koha [por defecto] tipo de item Monografies
Fons
Suprimido Perdido Estropeado No para préstamo Localización permanente Localización actual Fecha adquisición Fuente de adquisición Coste, precio normal de compra Préstamos totales Signatura completa Código de barras Fecha última consulta Fecha del precio de reemplazo Tipo de item de Koha
        Centre de Documentació Montserrat Roig Centre de Documentació Montserrat Roig 2025-05-14 Donació 22.70   Du 5/58 CDMR25050008 2025-05-14 2025-05-14 Monografies

Implantat amb Koha